| 000 | 00783nam a2200241 i 4500 | ||
|---|---|---|---|
| 001 | C2-0256682 | ||
| 003 | PPAK | ||
| 005 | 20180727224024.0 | ||
| 008 | 040727s2001 nyua|||| ||||| | eng d | ||
| 020 | _a0312286627 | ||
| 040 |
_aPPAK _beng _cPPAK _erda |
||
| 082 | 0 | 4 |
_a823.914 _223 |
| 090 | 0 | 0 |
_a823.914 _bSHA _dG |
| 100 | 1 |
_aShapiro, Marc, _eauthor |
|
| 245 | 1 | 0 |
_aJ.K. Rowling : _bthe wizard behind Harry Potter |
| 264 | 1 |
_aNew York : _bSt. Martin's Griffin , _c2001 |
|
| 300 |
_axi, 164 pages : _billustrations ; _c21 cm |
||
| 336 |
_2rdacontent _atext |
||
| 337 |
_2rdamedia _aunmediated |
||
| 338 |
_2rdacarrier _avolume |
||
| 650 | 1 | 0 | _aRowling, J.K. ; Authors, English - 20th century - Biography ; Women and literature - England - History - 20th century |
| 942 |
_ddc _cB |
||
| 999 |
_c68834 _d68834 |
||